Datum a čas kvízu
27.5
Celkem bodů
Celkový počet nahraných bodů na tomto kvízu bez doplňovacích otázek.
13.
Pořadí na kvízu
Konečné umístění týmu na tomto kvízu.
Zaznamenané odpovědi
| # | Otázka | Odpověď | Body | Výsledky |
|---|---|---|---|---|
| 1. | Která 55letá česká herečka a z... | Kateřina Brožová | 1 | |
| 2. | Ve Spojených státech došlo k n... | Sněmovna reprezentantů | 1 | |
| 3. | Ve středu byla slavnostně zahá... | Berlín, Benátky, Cannes | 1 | |
| 4. | Ve středu byla v Berlíně předs... | Škoda Kodiaq | 0 | |
| 5. | Kolikátý titul v řadě mistra s... | třetí titul | 0 | |
| 6. | Téma o slavných trojicích, kte... | Renault, Peugeot, Citroën | 1 | |
| 7. | Která tříčlenná kapela stojí z... | Blink-182 | 1 | |
| 8. | Na začátku které slavné původn... | Matrix | 1 | |
| 9. | Ze které části Francie pochází... | C | 0 | |
| 10. | Které společné příjmení patří... | Rachůnek | 0 |